Presidents of Ghana by Picture - Statistics

General Stats
  • This quiz has been taken 27 times
    5 since last reset
  • The average score is 7 of 17
Answer Stats
Picture Hint Answer % Correct
1960-1966 Kwame Nkrumah
100%
2012-2017 John Mahama
80%
2025-Present John Mahama
80%
1979 | 1981-2001 Jerry Rawlings
60%
2017-2025 Nana Akufo-Addo
60%
1969-1970 Akwasi Afrifa
40%
1978-1979 Fred Akuffo
40%
1979-1981 Hilla Limann
40%
2009-2012 John Atta Mills
40%
2001-2009 John Kufuor
40%
1966-1969 Joseph Arthur Ankrah
40%
1957 Charles Arden-Clarke
20%
1970-1972 Edward Akufo-Addo
20%
1972-1978 Ignatius Kutu Acheampong
20%
1957 Kobina Arku Korsah
20%
1970 Nii Amaa Ollennu
20%
1957-1960 William Hare
20%
No matching quizzes found
Score Distribution
Percent of People with Each Score
Percentile by Number Answered
Your Score History
You have not taken this quiz since the last reset